Arq UDA proyectos. UDA-2019 / (03) :

Bibliographic Details
Other Authors: Vanegas Peña, Santiago (Editor)
Format: Electronic eBook
Language:Spanish
Published: Cuenca, Ecuador : Universidad del Azuay, Casa Editora, [2020]
Subjects:
Online Access:Digitalia Hispánica

MARC

LEADER 00000nam a2200000Ii 4500
001 DIGUAZUAY0211
003 NyNyDIG
006 m o d
007 cr |||||||||||
008 251104s2020 ec ae o 000 0 spa d
035 |a (OCoLC)1548425732 
040 |a DGITA  |b eng  |e rda  |e pn  |c DGITA 
020 |a 9789942822628  |q eBook 
020 |z 9789942874874 
050 1 4 |a NA2750 ebook 
245 0 0 |a Arq UDA proyectos.  |n (03) :  |b UDA-2019 /  |c Santiago Vanegas Peña [and 3 others] compiladores. 
246 3 4 |a Arq UDA proyectos 2019 
264 1 |a Cuenca, Ecuador :  |b Universidad del Azuay, Casa Editora,  |c [2020] 
300 |a 1 online resource :  |b illustrations, plans. 
336 |a text  |b txt  |2 rdacontent 
337 |a computer  |b c  |2 rdamedia 
338 |a online resource  |b cr  |2 rdacarrier 
347 |a text file  |2 rdaft 
347 |b PDF 
588 0 |a Online resource; title from PDF title page (Digitalia, viewed November 4, 2025) 
650 0 |a Architecture  |v Designs and plans. 
650 0 |a Architecture  |x Study and teaching. 
700 1 |a Vanegas Peña, Santiago,  |e editor. 
791 2 |a Digitalia (Firm),  |e distributor. 
793 0 |g Digitalia eBook Collection:  |a Universidad del Azuay 
776 0 8 |i Print version:  |t Arq UDA proyectos. (03).  |d Cuenca, Ecuador : Universidad del Azuay, Casa Editora, [2020]  |z 9789942874874 
856 4 0 |3 Digitalia Hispánica  |u https://www.digitaliapublishing.com/a/133596/ 
910 |a Premium collection: 2025